| 000 | 01043nam a2200265Ia 4500 | ||
|---|---|---|---|
| 003 | CO-CtgCURN | ||
| 005 | 20250408190827.0 | ||
| 008 | 190723s9999 xx 000 0 und d | ||
| 020 | _a95867600014 | ||
| 040 |
_aCO-CtgCURN _bspa _ccoctgcurn |
||
| 082 |
_a344.01 _bG643a |
||
| 100 | _aGonzález Charry, Guillermo | ||
| 245 | 0 |
_aDerecho laboral colombiano : _bantecedentes historicos y formacion de sindicatos / _cGuillermo González Charry |
|
| 250 | _a4 edición | ||
| 260 |
_aBogotá, Colombia : _bEdiciones Doctrina y Ley, _c1997 |
||
| 300 |
_a507 páginas ; _c25 centímetros |
||
| 521 | _aAREA PROFESIONAL | ||
| 590 | _aPrograma de Derecho_18 | ||
| 650 |
_aDerecho laboral _zColombia |
||
| 942 |
_cBK _h344.01 _iG643a _2ddc _n0 |
||
| 999 |
_c28634 _d28634 |
||